| 000 -LEADER |
| fixed length control field |
01333nam a22002537a 4500 |
| 005 - DATE AND TIME OF LATEST TRANSACTION |
| control field |
20190820113644.0 |
| 008 - FIXED-LENGTH DATA ELEMENTS--GENERAL INFORMATION |
| fixed length control field |
190820b ||||| |||| 00| 0 eng d |
| 020 ## - INTERNATIONAL STANDARD BOOK NUMBER |
| International Standard Book Number |
9781782274414 |
| 040 ## - CATALOGING SOURCE |
| Transcribing agency |
KH8 |
| 082 ## - DEWEY DECIMAL CLASSIFICATION NUMBER |
| Classification number |
FIC HER |
| 100 ## - MAIN ENTRY--PERSONAL NAME |
| Personal name |
Herrndorf, Wolfgang |
| 245 ## - TITLE STATEMENT |
| Title |
Sand / |
| Statement of responsibility, etc. |
Wolfgang Herrndorf ; translated by Tim Mohr. |
| 260 ## - PUBLICATION, DISTRIBUTION, ETC. |
| Place of publication, distribution, etc. |
London : |
| Name of publisher, distributor, etc. |
Pushkin Press, |
| Date of publication, distribution, etc. |
2018. ©2017. |
| 300 ## - PHYSICAL DESCRIPTION |
| Extent |
442 pages ; |
| Dimensions |
20 cm. |
| 500 ## - GENERAL NOTE |
| General note |
First published in German: Berlin : Rowohlt Berlin Verlag GmbH, 2011. |
| 520 ## - SUMMARY, ETC. |
| Summary, etc. |
North Africa, 1972. While the world is reeling from the massacre of Israeli athletes at the Munich Olympics, a series of mysterious events is playing out in the Sahara desert. Four people are murdered in a hippy commune, a suitcase full of money disappears, and a pair of unenthusiastic detectives are assigned to investigate. In the midst of it all, a man with no memory tries to evade his armed pursuers. Who are they? What do they want from him? If he could just recall his own identity he might have a chance of working it out... |
| 546 ## - LANGUAGE NOTE |
| Language note |
Translated from the German. |
| 650 ## - SUBJECT ADDED ENTRY--TOPICAL TERM |
| Topical term or geographic name entry element |
Hippies |
| Form subdivision |
Fiction. |
| Geographic subdivision |
Africa, North |
| 650 ## - SUBJECT ADDED ENTRY--TOPICAL TERM |
| Topical term or geographic name entry element |
Communal living |
| Form subdivision |
Fiction. |
| Geographic subdivision |
Africa, North |
| 650 ## - SUBJECT ADDED ENTRY--TOPICAL TERM |
| Topical term or geographic name entry element |
Murder |
| Form subdivision |
Investigation |
| General subdivision |
Fiction. |
| 650 ## - SUBJECT ADDED ENTRY--TOPICAL TERM |
| Topical term or geographic name entry element |
Amnesiacs. |
| 700 ## - ADDED ENTRY--PERSONAL NAME |
| Personal name |
Mohr, Tim |
| Relator term |
Translator |
| 942 ## - ADDED ENTRY ELEMENTS (KOHA) |
| Source of classification or shelving scheme |
|
| Koha item type |
Books - Fiction |